|
|
|
|
| LEADER |
00000nab a2200000 a 4500 |
| 001 |
vtls001514083 |
| 003 |
SK-MaSNL |
| 005 |
20260304134436.0 |
| 008 |
250505s2004 xo 000 0 slo |
| 035 |
|
|
|a SPKCL16410
|
| 035 |
|
|
|a urn:nbn:sk:snk-ab9ksp
|
| 035 |
|
|
|a (urnnbn)urn:nbn:sk:snk:ar-a08ihd
|
| 035 |
|
|
|a (uuid)37dfd627-80a3-4b2c-9722-d958f65466ee
|
| 040 |
|
|
|a SNKBUCL
|b slo
|c SNKBUCL
|e AACR2
|
| 041 |
0 |
|
|a slo
|
| 044 |
|
|
|a xo
|c SK
|
| 080 |
|
|
|a 371.233
|2 1981
|
| 100 |
1 |
|
|a Roháčová, Irena
|4 aut
|9 342360
|
| 245 |
1 |
0 |
|a Rozhovor s Irenou Roháčovou o školských exkurziách, ich sprevádzaní a skúsenostiach s nimi
|c Irena Roháčová, Vladimír Segeš
|
| 650 |
0 |
7 |
|a školské výlety
|2 SNKPH
|9 31246
|
| 650 |
0 |
7 |
|a exkurzie
|2 SNKPH
|9 30680
|
| 650 |
0 |
7 |
|a dejepis
|2 SNKPH
|9 4288
|
| 651 |
|
7 |
|a Banská Štiavnica (Slovensko)
|2 SNKPHgeo
|9 16373
|
| 700 |
1 |
|
|a Segeš, Vladimír,
|d 1950-
|4 aut
|9 97496
|
| 773 |
0 |
|
|t História
|g Roč. 4, č. 5-6 (2004), s. 42
|
| 850 |
|
|
|a Slovenská národná knižnica
|
| 852 |
|
|
|a Slovenská národná knižnica
|
| 954 |
|
|
|a odborná, vedecká literatúra pôvodná (slovenská)
|2 lita
|
| 958 |
|
|
|a article13
|
| 958 |
|
|
|a OND
|
| 958 |
|
|
|a EUIPO
|
| 999 |
|
|
|c 2906851
|d 2908781
|